banner koha

Bioactivity of fungi isolated from coconut growing areas against Rhynchophorus palmarum (Registro n. 299613)

MARC details
000 -LÍDER
fixed length control field 03687nab a2200337 i 4500
003 - CÓDIGO MARC DA AGÊNCIA CATALOGADORA
Campo de controle BR-BrBNA
005 - DATA E HORA DA ÚLTIMA ATUALIZAÇÃO
Campo de controle 20240515130927.0
008 - CAMPO DE TAMANHO FIXO
fixed length control field 240515b2022 bl.ar|pooa||| 00| 0 eng |
040 ## - FONTE DA CATALOGAÇÃO
Agência catalogadora BR-BrBNA
Idioma da catalogação eng
072 ## - CATEGORIA AGRIS
Código AGRIS H10
Código do objeto 0311
100 ## - ENTRADA PRINCIPAL - NOME PESSOAL
Nome pessoal López-Luján, Lorena María
100 ## - ENTRADA PRINCIPAL - NOME PESSOAL
Nome pessoal Ramírez-Restrepo, Sara
100 ## - ENTRADA PRINCIPAL - NOME PESSOAL
Nome pessoal Bedoya-Pérez, Juan Carlos
100 ## - ENTRADA PRINCIPAL - NOME PESSOAL
Nome pessoal Salazar-Yepes, Mauricio
100 ## - ENTRADA PRINCIPAL - NOME PESSOAL
Nome pessoal Arbeláez-Agudelo, Natalia
100 ## - ENTRADA PRINCIPAL - NOME PESSOAL
Nome pessoal Granada-García, David
245 ## - TÍTULO PRINCIPAL
Título principal Bioactivity of fungi isolated from coconut growing areas against Rhynchophorus palmarum
500 ## - NOTA GERAL
Nota geral Publicação on-line; 30 ref.; Summaries (En, Pt)
942 ## - ADDED ENTRY ELEMENTS (KOHA)
Koha item type
520 ## - NOTA DE RESUMO
Nota de conteúdo <br/><br/>Abstract – The objective of this work was to evaluate the chitinolytic activity and bioactivity of fungi isolated from the palm weevil (Rhynchophorus palmarum) and from soil samples from coconut (Cocos nucifera) crops against the insect itself. Initially, to determine the chitinolytic properties of the isolated fungi, their ability to hydrolyze chitin in a liquid culture medium was evaluated. Then, preliminary pathogenicity assays were carried out, using the bean weevil (Acanthoscelides obtectus) as a reference, to select the fungal isolates to be used in the experiments with the palm weevil. Finally, the bioactivity of two selected entomopathogenic fungi on palm weevil larvae and adults was assessed. There was no direct correlation between chitinolytic activity and pathogenicity capacity on the bean weevil nor between the isolates and bioactivity on the palm weevil. Beauveria bassiana CSU9 shows the highest activity on palm weevil larvae and adults, with a median lethal time of 0.8 and 14.4 days, respectively.<br/><br/><br/>Index terms: Beauveria bassiana, Trichoderma virens, biological control agent, chitinolytic activity, entomopathogenic fungi.
520 ## - NOTA DE RESUMO
Nota de conteúdo <br/><br/>Resumo – O objetivo deste trabalho foi avaliar a atividade quitinolítica e a bioatividade de fungos isolados do gorgulho-da-palmeira (Rhynchophorus palmarum) e de amostras de solos de áreas de cultivo de coco (Cocos nucifera) contra o próprio inseto. Inicialmente, para determinar as propriedades quitinolíticas dos fungos isolados, foi avaliada a sua capacidade de hidrolisar quitina em meio de cultura líquido. Em seguida, foram realizados ensaios preliminares de patogenicidade, tendo-se utilizado o gorgulho-do-feijão (Acanthoscelides obtectus) como modelo, para selecionar os isolados fúngicos a serem usados nos experimentos com o gorgulho-da-palmeira. Por fim, avaliou-se a bioatividade de dois fungos entomopatogênicos selecionados em larvas e adultos do gorgulho-da-palmeira. Não houve correlação direta entre a atividade quitinolítica e a capacidade de patogenicidade sobre o gorgulho-do-feijão nem entre os isolados e a bioatividade sobre o gorgulhoda-palmeira. Beauveria bassiana CSU9 apresenta a maior atividade sobre larvas e adultos do gorgulho-da-palmeira, com tempo letal médio de 0,8 e 14,4 dias, respectivamente.<br/><br/><br/>Termos para indexação: Beauveria bassiana, Trichoderma virens, agente de controle biológico, atividade quitinolítica, fungos entomopatogênicos.
650 ## - ASSUNTO - THESAGRO
Cabeçalho tópico ou nome geográfico COCO
650 ## - ASSUNTO - THESAGRO
Cabeçalho tópico ou nome geográfico PRAGA DE PLANTA
650 ## - ASSUNTO - THESAGRO
Cabeçalho tópico ou nome geográfico GORGULHO
650 ## - ASSUNTO - THESAGRO
Cabeçalho tópico ou nome geográfico INIMIGO NATURAL
650 ## - ASSUNTO - THESAGRO
Cabeçalho tópico ou nome geográfico CONTROLE BIOLÓGICO
650 ## - ASSUNTO - THESAGRO
Cabeçalho tópico ou nome geográfico COLÔMBIA
773 0# - ENTRADA ANALÍTICA
Host Biblionumber 920
Registro do item 25802
Imprenta Brasília-DF Empresa Brasileira de Pesquisa Agropecuária - EMBRAPA 1966-
Outro identificador 2023-436358
Título Pesquisa Agropecuária Brasileira (Brazil)
ISSN 0100-204X
Colação v. 57 p. 1-8; (2022)
Número de controle de registro BR2024001041
856 ## - ACESSO E ENDEREÇO ELETRÔNICO
Identificador uniforme de recurso - URI https://www.scielo.br/j/pab/a/vfCPmQc5H5yLqKKS8LFkMGf/?format=pdf&lang=en

Nenhum exemplar disponível.

BINAGRI

Telefone: (61)3218-2567/2388/3357/2097 - binagri@agro.gov.br

Ministério da Agricultura e Pecuária , Esplanada dos Ministérios, Bloco D, Anexo B, Brasília/DF, CEP: 70.043-900